Statistiken für Eintracht Frankfurt - Torschützen 2008/09

Klicken Sie hier um das Quiz zu spielen!

Allgemein

  • Dieses Quiz wurde 40 mal gespielt
  • Das Durchschnittsergebnis liegt bei 6 aus 11

Antwortstatistiken

ToreSpieler% Korrekt
3Alexander Meier
94%
2Ioannis Amanatidis
85%
4Marco Russ
76%
5Martin Fenin
76%
3Benjamin Köhler
62%
9Nikos Liberopoulos
53%
2Caio
50%
5Michael Fink
38%
3Markus Steinhöfer
32%
1Ümit Korkmaz
32%
1Faton Toski
18%

Verteilung der Resultate

Perzentil nach korrekt beantworteten Fragen

Anzahl Personen mit jedem Resultat

Ihre Resultats-Entwicklung

Sie haben dieses Quiz noch nicht gespielt